书目信息 |
| 题名: |
古书一叶
|
|
| 作者: | 钟敬文 主编 | |
| 分册: | ||
| 出版信息: | 北京 中国广播电视出版社 1997.10 |
|
| 页数: | 498页 | |
| 开本: | 16开 | |
| 丛书名: | ||
| 单 册: | ||
| 中图分类: | I267 | |
| 科图分类: | ||
| 主题词: | 散文--中国 , 散文--作品综合集--中国 | |
| 电子资源: | ||
| ISBN: | 7-5043-3030-2 | |
| 000 | 00582nam0 2200205 45 | |
| 001 | 0008051513 | |
| 005 | 20000805154440.3 | |
| 010 | @a7-5043-3030-2@d19.50元 | |
| 100 | @a20000805d1997 km y0chiy0120 ea | |
| 101 | 0 | @achi |
| 105 | @a z 000yy | |
| 200 | 1 | @a古书一叶@AGu Shu Yi Ye@f钟敬文等主编@FZhong Jing Wen Deng Zhu Bian |
| 210 | @a北京@c中国广播电视出版社@d1997.10 | |
| 215 | @a498页@d16开 | |
| 606 | 0 | @a散文@x中国 |
| 606 | 0 | @a散文@x作品综合集@x中国 |
| 690 | @aI267@v3 | |
| 701 | 0 | @a钟敬文@4主编 |
| 801 | @aCN@bPftUser@c20000805 | |
| 905 | @b90089-091@dI267@eZH863/3@f3 | |
| 古书一叶/钟敬文等主编.-北京:中国广播电视出版社,1997.10 |
| 498页;16开 |
| ISBN 7-5043-3030-2:19.50元 |
| ● |
| 相关链接 |
|
|
|
正题名:古书一叶
索取号:I267/ZH863/3
 
预约/预借
| 序号 | 登录号 | 条形码 | 馆藏地/架位号 | 状态 | 备注 |
| 1 | 90089 | 200900891 | 社科二线422/422社科库 34排4列1层/ [索取号:I267/ZH863/3] | 在馆 | |
| 2 | 90090 | 202028313 | 文学库116/116文学库 9排2列4层/ [索取号:I267/ZH863/3] | 在馆 | |
| 3 | 90091 | 200900917 | 文学库116/116文学库 9排2列4层/ [索取号:I267/ZH863/3] | 在馆 |